Русский язык в задачах и ответах: сборник задач

Bibliografiske detaljer
Hovedforfatter: Норман Б. Ю. Борис Юстинович
Summary:Книга включает в себя 910 занимательных задач по русскому языку и ответы к ним, а также терминологический словарик и библиографию. Все задачи разбиты на четыре тематических раздела, что поможет читателю быстрее сориентироваться в содержании. Основой для задач послужили цитаты из русской литературы, рекламные слоганы, тексты песен, факты живой разговорной речи, афоризмы, пословицы и поговорки. Для учащихся старших классов, студентов, учителей-словесников, тех, кто интересуется русским языком и языкознанием. Сборник может использоваться также при проведении лингвистических олимпиад, конкурсов и викторин, для внеаудиторной и внеклассной работы, для интеллектуального тестирования и самообразования.
Sprog:russisk
Udgivet: Москва, Флинта, 2011
Fag:
Format: MixedMaterials Bog
KOHA link:https://koha.lib.tpu.ru/cgi-bin/koha/opac-detail.pl?biblionumber=217884

MARC

LEADER 00000nam0a2200000 4500
001 217884
005 20231101230144.0
010 |a 9785020372665 
010 |a 978-5-9765-0950-4 
035 |a (RuTPU)RU\TPU\book\237888 
090 |a 217884 
100 |a 20120609d2011 m y0rusy50 ca 
101 0 |a rus 
102 |a RU 
105 |a y j 001zy 
200 1 |a Русский язык в задачах и ответах  |e сборник задач  |f Б. Ю. Норман 
210 |a Москва  |c Флинта  |c Наука  |d 2011 
215 |a 384 с. 
320 |a Библиогр.: с. 379-381. 
320 |a Краткий терминологический словарь: с. 374-378. 
330 |a Книга включает в себя 910 занимательных задач по русскому языку и ответы к ним, а также терминологический словарик и библиографию. Все задачи разбиты на четыре тематических раздела, что поможет читателю быстрее сориентироваться в содержании. Основой для задач послужили цитаты из русской литературы, рекламные слоганы, тексты песен, факты живой разговорной речи, афоризмы, пословицы и поговорки. Для учащихся старших классов, студентов, учителей-словесников, тех, кто интересуется русским языком и языкознанием. Сборник может использоваться также при проведении лингвистических олимпиад, конкурсов и викторин, для внеаудиторной и внеклассной работы, для интеллектуального тестирования и самообразования. 
606 1 |a Русский язык  |x Учебные руководства и пособия для высшей школы  |2 stltpush  |3 (RuTPU)RU\TPU\subj\26398  |9 50338 
610 1 |a фонетика 
610 1 |a фонология 
610 1 |a орфография 
610 1 |a пунктуация 
610 1 |a семасиология 
610 1 |a лексикология 
610 1 |a словообразование 
610 1 |a фразеология 
610 1 |a грамматика 
610 1 |a морфология 
610 1 |a синтаксис 
610 1 |a практические задания 
610 1 |a задачи 
610 1 |a ответы 
610 1 |a сборники 
686 |a Ш141.2-923  |v LBC/SL-A  |2 rubbk 
700 1 |a Норман  |b Б. Ю.  |g Борис Юстинович 
801 1 |a RU  |b 63413507  |c 20120609 
801 2 |a RU  |b 63413507  |c 20151013  |g RCR 
900 |a Русский язык и культура речи 
942 |c BK 
959 |a 91/20120609  |d 1  |e 250,00  |f ЧЗИЛ:1